00902naa a22002057i 4500001000700000003000900007005001700016008004100033040001300074100003700087245028800124500002000412500002400432504004100456650002800497650002300525650001500548650002200563773011100585232858ES-MaBCM20260408131026.0260408s2025 sp ||||| |||| 00| 0 spa d cES-MaBCM1 aCalvillo Cisneros, José Miguel10aImpacto de los actores no estatales violentos en la seguridad internacional :bla convergencia entre terrorismo y crimen organizado = Impact of violent non-state actors on international security : the convergence between terrorism and organized crimecJosé Miguel Calvillo Cisneros aContiene tablas aContiene gráficos aIncluye referencias bibliográficas 7aSeguridad internacional 0aSeguridad nacional 7aTerrorismo 0aCrimen organizado0 dMadridgVol. 77, n. 2 (2025), p. [19]-42 - Loc. S.371tRevista española de derecho internacionalw104609